| 000 | 02050nam0a2200325 i 4500 | ||
|---|---|---|---|
| 001 | RU\NLR\BIBL_A\011296624 | ||
| 005 | 20260405235624.0 | ||
| 010 |
_a9785927521203 _9500 |
||
| 021 |
_aRU _b2016-93319 _96175 |
||
| 035 | _a(NLR Aleph) 011296624 | ||
| 090 |
_a10953803 _c10953803 |
||
| 100 | _a20161221d2016 k y0rusy50 ca | ||
| 101 | 0 | _arus | |
| 102 | _aRU | ||
| 105 | _ay|||z|||000zy | ||
| 200 | 1 |
_aНационалистическая вандея и проявления устойчивости российской интеграции на Северном Кавказе в кризисных условиях 1917-1921 гг. _eсоюз кавказских горных анархистов-террористов. Атаман Зелим-хан. Кто он? Что заставило встать на путь разбоев? _eмонография _fВ.А. Матвеев _gМ-во образования и науки Рос. Федерации, Федер. гос. автоном. образоват. учреждение высш. образования "Юж. федер. ун-т" |
|
| 210 |
_aРостов-на-Дону _cИздательство Южного федерального университета _d2016 |
||
| 215 |
_a169, [1] с. _d20 |
||
| 300 | _aНа 4-й с. обл. авт.: Матвеев В.А., д.ист.н. | ||
| 320 | _aБиблиогр. в подстроч. примеч. | ||
| 606 |
_aАбречество _92355669 _3RU\NLR\AUTH\661407062 |
||
| 606 | 1 |
_aНациональная политика _yКавказ Северный _zнач. 20 в. _92312635 _3RU\NLR\AUTH\6601609494 |
|
| 686 | 1 | _aТ3(2Р37)52-56 | |
| 686 | 1 | _aТ3(2Р37)52-45 | |
| 700 | 1 |
_8rus _7ca _aМатвеев _bВ. А. _cд-р ист. наук _gВладимир Александрович _3RU\NLR\AUTH\7731385 _914395 |
|
| 702 | 1 |
_4570 _8rus _7ca _aГушмазукаев _bЗ. _f1872-1913 _gЗелимхан _3RU\NLR\AUTH\77109230 _992155 |
|
| 942 | _cBOOK | ||
| 980 | _aNBR | ||